00837cam a2200241 i 4500001000300000003000900003005001700012008003900029015001800068020001500086040003500101080001100136080001200147100004600159245009200205260004300297300005500340504001200395655003000407650002600437710003400463856009800497bgKOSZ 00520200505121615.0980702s1996 pl a f f |001 0 pol aPB 1996/17602 a8301121564 aWA NcKOSZ 005/HRdKOSZ 005/HR a514.18 a(075.8)1 aGrochowski, Bogusławd(1923-2011)eAutor10aWykład z geometrii wykreślnej z materiałami do ćwiczeń /cBogusław Grochowski. aWarszawa :bWydaw. Naukowe PWN,c1996. a105, [3] s., 8 k. tabl. złoż. :brys. ;c30 cm. aIndeks. 4aPodręczniki akademickie 4aGeometria wykreślna2 aWydawnictwo Naukowe PWN4pbl. uhttp://koha.tu.koszalin.pl/cgi-bin/koha/opac-detail.pl?biblionumber=32106yKatalog online BPK